Tratado prático de refigeración automática

में बचाया:
ग्रंथसूची विवरण
मुख्य लेखक: Alarcón Creus, José
स्वरूप: अज्ञात
प्रकाशित: México : Alfaomega 2000
संस्करण:12
विषय:
टैग: टैग जोड़ें
कोई टैग नहीं, इस रिकॉर्ड को टैग करने वाले पहले व्यक्ति बनें!

MARC

LEADER 00000 a2200000 4500
003 000880
005 20221231143835.0
008 140114s2000 m a 000 ||s d
020 |a 9701503910 
040 |c cru CEDI 
082 |a 621.56 A321t 
100 |a Alarcón Creus, José   |9 18706 
245 |a Tratado prático de refigeración automática  
250 |a 12 
260 |c 2000  |a México : Alfaomega 
300 |a xvi, 435 páginas :ilustraciones  
500 |a 12.ª edición ampliada y puesta al día con la inclusión de los nuevos refrigerantes HFC sin cloro 
650 |x REFRIGERACION AUTOMATICA   |9 18707 
942 |2 ddc  |c BK 
999 |c 12945  |d 12945